000 00849cab a2200253 4500
001 WB3132-62
008 090401t1995 xxu||||| |||| 00| 0 eng d
035 _a(Sirsi) u57451
041 _aeng
245 _aHSE launches package to highlight dangers of sludge
260 _c1995
350 _a0
490 _aHSE News Release
_v(123) 24 August 1995 (3)
520 _aThe Health and Safety Executive has launched a guidance package to alert workers and employers to the dangers of working with sewage and sludge.
650 _aFARMWORKERS
650 _aHEALTH AND SAFETY AT WORK
650 _aHEALTH AND SAFETY EXECUTIVE
650 _aINDUSTRIAL RELATED ILLNESS
650 _aWORKING WITH SEWAGE-THE HEALTH HAZARDS
690 _aBUILT ENVIRONMENT-BUILDING STANDARDS
690 _aRURAL PRACTICE
942 _n0
948 _c04/03/1997
999 _c35037
_d35037